00423nam a22001217a 450000500170000000800410001704000130005808200240007110000270009524501010012226000670022330000110029020171013101728.0171013b xxu||||| |||| 00| 0 eng d cPK-LaUMT aPKAC 016.297bADI-B aAdil Usmani , Muhammad aA bibliography of doctoral dissertations on Islam/c Muhammad Adil Usmani and Akhtar H. Siddiqui aKarachi:bIslamic documentation and information centre ,c1985 a126 p.